Influence of additives on combustion of ultradisperse aluminum powder and chemical binding of air nitrogen; Combustion, Explosion, and Shock Waves; Vol. 32, iss. 2

التفاصيل البيبلوغرافية
Parent link:Combustion, Explosion, and Shock Waves.— , 1965-
Vol. 32, iss. 2.— 1996.— [P. 211-213]
المؤلف الرئيسي: Ilyin A. P. Aleksandr Petrovich
مؤلفون آخرون: Yablunovskii G. V., Gromov A. A. Aleksandr Aleksandrovich
الملخص:Experimental results are presented on combustion in air of ultradisperse aluminum powder with additives of ultradisperse powders of copper, nickel, iron, tin, silicon, graphite, boron, tungsten, and molybdenum.X-Ray diffraction and chemical analyses were used to study the composition of the end products. A tin additive has an inhibiting action on the chemical combining of air nitrogen as aluminum nitride and oxynitride, whereas iron, tungsten, and molybdenum additives favor an increase in nitrogen content. As is established, the influence of additives on the processes determining the duration of two combustion stages is greater than on the content of bound nitrogen in the products.
Режим доступа: по договору с организацией-держателем ресурса
اللغة:الإنجليزية
منشور في: 1996
الموضوعات:
الوصول للمادة أونلاين:http://dx.doi.org/10.1007/BF02097092
التنسيق: MixedMaterials الكتروني فصل الكتاب
KOHA link:https://koha.lib.tpu.ru/cgi-bin/koha/opac-detail.pl?biblionumber=647381

MARC

LEADER 00000naa0a2200000 4500
001 647381
005 20250210113105.0
035 |a (RuTPU)RU\TPU\network\12520 
035 |a RU\TPU\network\12516 
090 |a 647381 
100 |a 20160407d1996 k||z0rusy50 ba 
101 1 |a eng 
102 |a US 
135 |a argn ---uucaa 
181 0 |a i  
182 0 |a b 
200 1 |a Influence of additives on combustion of ultradisperse aluminum powder and chemical binding of air nitrogen  |f A. P. Ilyin, G. V. Yablunovskii, A. A. Gromov 
203 |a Text  |c electronic 
320 |a [References: p. 213 (2 tit.)] 
330 |a Experimental results are presented on combustion in air of ultradisperse aluminum powder with additives of ultradisperse powders of copper, nickel, iron, tin, silicon, graphite, boron, tungsten, and molybdenum.X-Ray diffraction and chemical analyses were used to study the composition of the end products. A tin additive has an inhibiting action on the chemical combining of air nitrogen as aluminum nitride and oxynitride, whereas iron, tungsten, and molybdenum additives favor an increase in nitrogen content. As is established, the influence of additives on the processes determining the duration of two combustion stages is greater than on the content of bound nitrogen in the products. 
333 |a Режим доступа: по договору с организацией-держателем ресурса 
461 |t Combustion, Explosion, and Shock Waves  |d 1965- 
463 |t Vol. 32, iss. 2  |v [P. 211-213]  |d 1996 
610 1 |a труды учёных ТПУ 
610 1 |a электронный ресурс 
610 1 |a порошок алюминия 
610 1 |a азот 
610 1 |a воздух 
610 1 |a горение 
700 1 |a Ilyin  |b A. P.  |c chemist  |c Professor of Tomsk Polytechnic University, Doctor of physical and mathematical sciences  |f 1949-  |g Aleksandr Petrovich  |3 (RuTPU)RU\TPU\pers\33060  |9 16894 
701 1 |a Yablunovskii  |b G. V. 
701 1 |a Gromov  |b A. A.  |c Chemical Engineer  |c Professor of Tomsk Polytechnic University, Doctor of technical sciences  |f 1975-  |g Aleksandr Aleksandrovich  |3 (RuTPU)RU\TPU\pers\33059  |9 16893 
801 0 |a RU  |b 63413507  |c 20011210  |g PSBO 
801 2 |a RU  |b 63413507  |c 20161007  |g PSBO 
856 4 |u http://dx.doi.org/10.1007/BF02097092 
942 |c CF